Ч. 1; Роботы и робототехнические системы

গ্রন্থ-পঞ্জীর বিবরন
Parent link:Роботы и робототехнические системы: материалы III Всесоюзной конференции, 7-10 сентября 1983 г./ Московское высшее техническое училище им. Н. Э. Баумана (МВТУ) ; Челябинский политехнический институт (ЧелПИ) ; Уральский дом научно-технической пропаганды общества "Знание". Ч.1.— , 1983
অন্যান্য লেখক: Черноруцкий Г. С. Георгий Севирович (редактор)
ভাষা:রুশ
প্রকাশিত: 1983
বিষয়গুলি:
বিন্যাস: MixedMaterials গ্রন্থ
KOHA link:https://koha.lib.tpu.ru/cgi-bin/koha/opac-detail.pl?biblionumber=291575

MARC

LEADER 00000nam2a2200000 4500
001 291575
005 20231102000413.0
020 |a RU  |b 83-63434 
035 |a (RuTPU)RU\TPU\book\316153 
090 |a 291575 
100 |a 20150415g1983 km y0rusy5003 ca 
101 0 |a rus 
200 0 |a Ч. 1 
210 |d 1983 
215 |a 123 с.  |c ил. 
461 1 |0 (RuTPU)RU\TPU\book\351818  |t Роботы и робототехнические системы  |o материалы III Всесоюзной конференции, 7-10 сентября 1983 г.  |o в 2 ч.  |f Московское высшее техническое училище им. Н. Э. Баумана (МВТУ) ; Челябинский политехнический институт (ЧелПИ) ; Уральский дом научно-технической пропаганды общества "Знание"  |v Ч.1   |d 1983 
606 1 |a Роботы  |x Конструкция и расчет  |2 stltpush  |3 (RuTPU)RU\TPU\subj\25282  |9 49481 
610 1 |a роботизированные комплексы 
610 1 |a робототехника 
610 1 |a применение 
610 1 |a народное хозяйство 
610 1 |a адаптация 
610 1 |a искусственный интеллект 
610 1 |a проектирование 
610 1 |a конференции 
675 |a 621.865.8.001(063)  |z rus  |v 3 
702 1 |a Черноруцкий  |b Г. С.  |g Георгий Севирович  |4 340 
801 0 |a RU  |b RuMRKP  |c 19950704  |g psbo 
801 1 |a RU  |b 63413507  |c 20150415 
801 2 |a RU  |b 63413507  |c 20181120  |g RCR 
942 |c BK